000 00654nam a2200181 i 4500
001 33493
003 ES-MaACL
007 t|
008 030202s1974 mx ||||1| spa d
245 0 0 _aBioquímica médica /
_cEdward Staunton West... [et al.] ; traducido al español por Mª Teresa Torral, Fernando Colchero Arrubarrena.
250 _a4ª ed., 3ª reimp.
260 _aMéxico, etc. :
_bInteramericana,
_c[1974]
300 _aXIV, 1213 p. :
_bil. ;
_c26 cm.
700 1 _aWesterdahl, Edward Staunton.
_9116559
700 1 _aTorral, María Teresa.
_9110712
700 1 _aColchero Arrubarrena, Fernando.
_939556
852 _aES-MaACL
_jE-6450
_bR.91066
999 _c33493
_d33493